000 00753cab a22002175a 4500
001 L154992
008 120214s2011 xxkd f s 000 0 eng d
035 _a(Sirsi) u154992
041 0 _aeng
100 1 _aPan, Wei
245 0 0 _aDemystifying the cost barriers to offsite construction in the UK
260 _c2011
490 _aConstruction Management and Economics
_v(29) October-December 2011, 1081-1099(19)
520 _aLooks at perceived cost barriers which have prevented wider take-up of offsite construction and which have hitherto not been studied sufficiently.
590 _aKA
651 4 _aUnited Kingdom
_y
690 _aCost management
_96233
690 _aConstruction management
_96230
700 1 _aSidwell, Robert
942 _n0
999 _c83771
_d83771